68'in edebiyatı edebiyatın 68'i: inceleme-seçki (Record no. 12248)

000 -LEADER
fixed length control field 00993nmm a2200289 a 4500
001 - CONTROL NUMBER
control field ocm000984838
003 - CONTROL NUMBER IDENTIFIER
control field TR-IsHL
005 - DATE AND TIME OF LATEST TRANSACTION
control field 20201028153820.0
008 - FIXED-LENGTH DATA ELEMENTS--GENERAL INFORMATION
fixed length control field 150412s2008 tu tur
007 - PHYSICAL DESCRIPTION FIXED FIELD--GENERAL INFORMATION
fixed length control field cr cn
020 ## - INTERNATIONAL STANDARD BOOK NUMBER
International Standard Book Number 9786054156054
035 ## - SYSTEM CONTROL NUMBER
System control number 984838
-- (N$T)
050 04 - LIBRARY OF CONGRESS CALL NUMBER
Classification number PL234
Item number .A48 2008
090 04 - LOCALLY ASSIGNED LC-TYPE CALL NUMBER (OCLC); LOCAL CALL NUMBER (RLIN)
Classification number (OCLC) (R) ; Classification number, CALL (RLIN) (NR) PL234
Local cutter number (OCLC) ; Book number/undivided call number, CALL (RLIN) .A48 2008
245 10 - TITLE STATEMENT
Title 68'in edebiyatı edebiyatın 68'i: inceleme-seçki
Medium [electronic resource] /
Statement of responsibility, etc. hazırlayan Sennur Sezer
260 ## - PUBLICATION, DISTRIBUTION, ETC.
Place of publication, distribution, etc. İstanbul :
Name of publisher, distributor, etc. Evrensel Basım Yayın,
Date of publication, distribution, etc. 2008
300 ## - PHYSICAL DESCRIPTION
Extent 224 p.
650 #4 - SUBJECT ADDED ENTRY--TOPICAL TERM
Topical term or geographic name entry element Dil ve Edebiyat
650 #4 - SUBJECT ADDED ENTRY--TOPICAL TERM
Topical term or geographic name entry element Language and Literature
650 #0 - SUBJECT ADDED ENTRY--TOPICAL TERM
Topical term or geographic name entry element Türk şiiri
General subdivision 20. yy.
-- Edebi koleksiyonlar
650 #0 - SUBJECT ADDED ENTRY--TOPICAL TERM
Topical term or geographic name entry element Turkish poetry
General subdivision 20th century
-- Literary collections
650 #0 - SUBJECT ADDED ENTRY--TOPICAL TERM
Topical term or geographic name entry element 68 kuşağı
650 #0 - SUBJECT ADDED ENTRY--TOPICAL TERM
Topical term or geographic name entry element Generation 68
650 #7 - SUBJECT ADDED ENTRY--TOPICAL TERM
Topical term or geographic name entry element LITERARY CRITICISM / Middle Eastern
Source of heading or term bisacsh
700 1# - ADDED ENTRY--PERSONAL NAME
Personal name Sezer, Sennur
856 40 - ELECTRONIC LOCATION AND ACCESS
Uniform Resource Identifier <a href="http://search.ebscohost.com/login.aspx?direct=true&scope=site&db=e011xww&AN=984838">http://search.ebscohost.com/login.aspx?direct=true&scope=site&db=e011xww&AN=984838</a>
Holdings
Withdrawn status Lost status Source of classification or shelving scheme Damaged status Not for loan Collection code Permanent Location Current Location Date acquired Total Checkouts Full call number Barcode Date last seen Price effective from Koha item type
        Online   Kıbrıs Amerikan Üniversitesi Kütüphanesi / American University of Cyprus Kıbrıs Amerikan Üniversitesi Kütüphanesi / American University of Cyprus 28.10.2020   PL234 .A48 2008 984838 28.10.2020 28.10.2020 E-Kitap
Devinim Yazılım Eğitim Danışmanlık tarafından Koha'nın orjinal sürümü uyarlanarak geliştirilip kurulmuştur.